| 000 | 01046nam a2200193Ii 4500 | ||
|---|---|---|---|
| 003 | JO-AjNU | ||
| 008 | 230605s9999||||xx |||||||||||||| ||und|| | ||
| 040 |
_aJO-AjNU _bara _erda _cJO-AjNU |
||
| 041 | _aara | ||
| 050 | 1 | 4 | _aBP173.756.A28 1900 |
| 100 | 3 |
_aتأليف: ابي يوسف يعقوب بن ابراهيم، يحيى بن آدم القرشي، ابر رجب الحنبلي, _eauthor _959138 |
|
| 245 | 0 | 0 | _aكتاب الخراج، كتاب الخراج، كتاب الخراج، الاستخراج لاحكام الخراج |
| 264 | 3 | 1 | _aبيروت: دار المعرفة للطباعة والنشر، 1900 |
| 300 |
_aترقيم متعدد _bيحتوي على فهرس كتاب الخراج لابي يوسف من ص 218-244 ، يحتوي على فهرس الخراج ليحيى ادم القرشي من ص 178-219 |
||
| 336 |
_atext _btxt _2rdacontent |
||
| 337 |
_aunmediated _bn _2rdamedia |
||
| 338 |
_avolume _bnc _2rdacarrier |
||
| 650 | 4 |
_aالخراج (فقه اسلامي) - النظام المالي في الاسلام _959139 |
|
| 999 |
_aA26597 _c30165 _d30165 |
||